20 Most Popular MLB Jerseys - Statistics

General Stats
  • This quiz has been taken 1,231 times
  • The average score is 13 of 20
Answer Stats
Hint Answer % Correct
Yankees-#99 Aaron Judge
99%
Angels-#27 Mike Trout
90%
Cubs-#44 Anthony Rizzo
86%
Red Sox-#50 Mookie Betts
84%
Dodgers-#22 Clayton Kershaw
82%
Cubs-#17 Kris Bryant
82%
Nationals-#34 Bryce Harper
81%
Astros-#27 Jose Altuve
81%
Indians-#12 Francisco Lindor
72%
Cubs-#9 Javier Baez
70%
Braves-#5 Freddie Freeman
69%
Giants-#28 Buster Posey
66%
Rockies-#28 Nolan Arenado
64%
Cardinals-#4 Yadier Molina
63%
Dodgers-#35 Cody Bellinger
60%
Yankees-#24 Gary Sanchez
30%
Mets-#34 Noah Syndergaard
29%
Red Sox-#15 Dustin Pedroia
24%
Cubs-#12 Kyle Schwarber
24%
Dodgers-#5 Corey Seager
15%
No matching quizzes found
Score Distribution
Percent of People with Each Score
Percentile by Number Answered
Your Score History
You have not taken this quiz